000
00305nam a22001337a 4500
008
170322b xxu||||| |||| 00| 0 eng d
020
_a
0721672078
041
_a
eng
080
_a
616.8
100
_a
7
101
_a
SHM
245
_a
THE FINE STRUCTURE OF THE NEVOUS SYSTEM
_c
PALAY.P
942
_2
udc
_c
BK
999
_c
8407
_d
8407